Statistics for Taiwan townships and districts quiz 09-Hualien County

Click here to take the quiz!

General Stats

  • This quiz has been taken 4 times
  • The average score is 10 of 13

Answer Stats

Answer% Correct
Hualien City
100%
Fengbin Township
75%
Fenglin Township
75%
Fuli Township
75%
Guangfu Township
75%
Ji'an Township
75%
Ruisui Township
75%
Shoufeng Township
75%
Wanrong Township
75%
Yuli Township
75%
Zhuoxi Township
75%
Siuolin Township
50%
Xincheng Township
50%

Score Distribution

Percentile by Number Answered

Percent of People with Each Score

Your Score History

You have not taken this quiz